000 00741nam a2200217Ia 4500
001 212
003 GE_BSU
008 181216s||||||||xx |||||||||||||| ||und||
040 _cGE_BSU
080 _a657
100 _aაბესაძე,თემურ
245 _aსასწავლო კურსი კომპიუტერულ საბუღალტრო პროგრამა ორის-ბუღალტერიაში
250 _aმე-3 გამოც.
260 _aთბილისი
260 _c2006
300 _a296 გვ.
541 _h18 ლ.
653 _aბუღალტერია
653 _aპროგრამა ორის-ბუღალტერია
942 _cBK
999 _c34463
_d34463